Business Computing I (Record no. 316186)
[ view plain ]
| 000 -LEADER | |
|---|---|
| fixed length control field | 00375nam a2200157Ia 4500 |
| 008 - FIXED-LENGTH DATA ELEMENTS--GENERAL INFORMATION | |
| fixed length control field | 230718s9999 xx 000 0 und d |
| 041 ## - LANGUAGE CODE | |
| Language code of text/sound track or separate title | eng |
| 082 ## - DEWEY DECIMAL CLASSIFICATION NUMBER | |
| Classification number | 658 |
| Item number | LEO |
| 100 ## - MAIN ENTRY--PERSONAL NAME | |
| Personal name | Leon A. |
| 9 (RLIN) | 109337 |
| 245 ## - TITLE STATEMENT | |
| Title | Business Computing I |
| 260 ## - PUBLICATION, DISTRIBUTION, ETC. (IMPRINT) | |
| Name of publisher, distributor, etc. | Tata Mc-graw Hill Pub. |
| 365 ## - TRADE PRICE | |
| Currency code | Rs. |
| 500 ## - GENERAL NOTE | |
| Keywords | DONATED |
| 700 ## - ADDED ENTRY--PERSONAL NAME | |
| Personal name | Leon A. |
| 9 (RLIN) | 109337 |
| 906 ## - LOCAL DATA ELEMENT F, LDF (RLIN) | |
| d | B:-03-Apr-2007 |
| c | OTH |
| Withdrawn status | Lost status | Damaged status | Not for loan | Home library | Current library | Date acquired | Vendor | Budget Code | Total Checkouts | Full call number | Barcode | Date last seen | Bill Date | Koha item type | Original Barcode |
|---|---|---|---|---|---|---|---|---|---|---|---|---|---|---|---|
| Cummins College of Engineering for Women Pune | Cummins College of Engineering for Women Pune | 04/04/2007 | Masurkar Enterprises | OTH | 658 | CCEP-BK-27393 | 18/07/2023 | 03/04/2007 | Books | 027393 |